000 00724cam a2200265 4500
008 090401t1996 xxu||||| |||| 00| 0 eng d
020 _a0566077582
035 _a(Sirsi) u39065
041 _aeng
050 _a690.3
100 _aThorpe, Brian
245 _aQuality assurance in construction
250 _a2nd ed.
260 _aAldershot,Hants
_bGower
_c1996
300 _axiv, 153p. ; 24cm.
350 _a39.5
650 _aBUILDING INDUSTRY
650 _aCONSTRUCTION (DESIGN AND MANAGEMENT) REGULATIONS 1994
650 _aQUALITY ASSURANCE
690 _aMANAGEMENT-BUSINESS MANAGEMENT-PROFESSIONAL PRACTICE
700 _aSumner, Peter
700 _aDuncan, John
942 _n0
948 _c04/03/1997
999 _c90748
_d90748